Statistics for Largest Music Festivals in the UK

Click here to take the quiz!

General Stats

  • This quiz has been taken 1,845 times
    (1,841 since last reset)
  • The average score is 5 of 9

Answer Stats

SiteCapacityFestival% Correct
Worthington Farm, Somerset, England137,500Glastonbury
93%
Richfield Avenue, Berkshire, England87,000Reading Festival
81%
Bramham Park, West Yorkshire, England80,000Leeds Festival
75%
Isle of Wight90,000Isle of Wight Festival
68%
Balado, Kinross-shire, Scotland85,000T in the Park
57%
Donington Park, Leicestershire, England80,000Download
45%
Isle of Wight55,000Bestival
32%
Knebworth Park, Hertfordshire, England60,000Sonisphere
14%
Punchestown Race Course, County Kildare, Ireland80,000Oxegen
7%

Score Distribution

Percentile by Number Answered

Percent of People with Each Score

Your Score History

You have not taken this quiz since the last reset